00880nam a2200193 a 4500003000400000005001700004008003900021016001900060040001400079100002700093245028700120260008300407300002600490650002300516650004600539650004500585650002200630710003400652OSt20211227133051.0A00321s1972 sp 000 spa aDL M15955-1974 bcatcCDMR1 aRomero Rubio, Andrés10aCometido y responsabilidad de la familia y de los educadores ante los medios de comunicación destinados a los niños y a los jóvenes: [V curso para la obtención del diploma en publicaciones infantiles y juveniles, Madrid 12 febrero-8 marzo 1973] / cpor Andrés Romero Rubio aMadrid : bPublicaciones de la Secretaría de la Escuela de Periodismo,c1974 a16 pàginesc; 22 cm00aRevistes infantils00aMitjans de comunicació de massa i joves00aMitjans de comunicació de massa i nens00aRevistes juvenils2 aEscuela Oficial de Periodismo